[Event "Belaya Kalitva"]
[Site "Belaya Kalitva"]
[Date "2007.10.17"]
[Round "3.15"]
[White "Bekker, Maxim"]
[Black "Pogorelov, Denis"]
[Result "1/2-1/2"]
[WhiteElo "2180"]
[BlackElo "2142"]
[PlyCount "54"]
[EventDate "2007.10.16"]
[EventType "tourn"]
[EventRounds "11"]
[EventCountry "RUS"]
[SourceTitle "EXT 2022"]
[Source "ChessBase"]
[SourceDate "2021.10.06"]
[SourceVersion "1"]
[SourceVersionDate "2021.10.06"]
[SourceQuality "1"]

1. d4 Nf6 2. c4 e6 3. Nc3 d5 4. cxd5 exd5 5. Bg5 Be7 6. e3 c6 7. Bd3 Nbd7 8. Nf3 0-0 9. 0-0 Re8 10. Rb1 Nf8 11. Qc2 g6 12. b4 a6 13. a4 Ne6 14. Bh4 Ng7 15. b5 axb5 16. axb5 Bf5 17. bxc6 Bxd3 18. Qxd3 bxc6 19. Ne5 Rc8 20. Qa6 Nf5 21. Bg5 Ne4 22. Bxe7 Nxe7 23. Nxe4 dxe4 24. Rfc1 c5 25. Rxc5 Rxc5 26. dxc5 Nf5 27. Qb6 Qg5 1/2-1/2